000 00707cab a2200181 4500
001 ##L132570
008 060217n2006 000 0 eng u
035 _a(Sirsi) u132570
041 0 _aeng
100 1 _aBuckley, Donal
245 0 0 _aFocus 1
_bIreland update
260 _c2006
490 0 _aEstates Gazette
_v(606) 11 February 2006, 111-121(7)
520 _aCovers retail development in Ireland where supply is catching up with demand. Reports on the optimistic forecast for Irish office and industrial property and surveys Northern Ireland's office and retail and leisure property sectors.
590 _aIKA280206
690 _aPROPERTY-COMMERCIAL PROPERTY-COMMERCIAL PROPERTY MARKET
942 _n0
999 _c76498
_d76498